Grossesse Normale (it 23) - Statistiques

Statistiques générales
  • Ce quiz a été pris 60 fois
  • Le résultat moyen est 7 sur 15
Statistiques - réponses
Hint Réponse % Correct
Citer un des "petits maux" du premier trimestre. Nausée, vomissement, hypersalivation, anorexie, boulimie, hypersomnie, tension mammaire
90%
A partir de quand parle t-on de foetus et non plus d'embryon ? 12 SA
74%
Combien existe-il de consultation prises en charge à 100% dans le cadre de la grossesse ? 8 : 7 prénatales et 1 postnatale
72%
Quelle maladie, nécessitant une surveillance particulière durant la grossesse peut être évitée par : Une bonne cuisson des viandes, le lavage des fruits et légumes et l'évitement du contact avec les chats ? La toxoplasmose
72%
Citer parmi les suivants, le seul paramètre biologique amené à diminuer durant la grossesse : Hémoglobine, leucocytes, vitesse de sédimentation, cholestérol, rétention hydrique, pression intra-oculaire. Hémoglobine (passe de 13 à 11 g/dL) Le cholestérol est multiplié par 3 pour subvenir aux besoins du foetus.
62%
Quelle est la date limite de déclaration de la grossesse ? 16 SA
54%
Quelle supplémentation prescrite 1 mois avant la conception et jusqu'à 10 SA diminue les risques d'anomalie de fermeture du tube neural ? Acide folique, Vit B9
50%
Quel épice permet de diminuer les vomissements ? Le gingembre
48%
Quelle est la prise de poids moyenne recommandée durant la grossesse chez une patiente normopondérée (IMC 18,5 - 24,9) ? 13 Kg (11,5 à 16 Kg)
38%
Citer un des but de l'échographie du second semestre. Mesure de la biométrie foetale, localisation du placenta et dépistage des malformations
26%
Quel dosage biologique réalise t-on afin d'anticiper une potentielle allo-immunisation materne-foetale ? Recherche d'agglutinines irrégulières
22%
Quelle va être la durée totale du congé maternité accordé à une femme primipare ? (pré et postnatal). 16 semaines. 6 pré et 10 post.
20%
Quelle maladie est dépistée lors de la consultation du 8ème mois ? Portage vaginal du streptocoque B
20%
Quel est le nom médical du "masque de grossesse" symptôme bénin du deuxième semestre ? Le chloasma
8%
Comment détermine t-on le terme ? Par mesure de la longueur crânio-caudale réalisée lors de l'échographie du premier trimestre entre 11 et 14 SA
8%
Aucun quiz correspondant
Distribution des résultats
% des personnes avec chaque résultat
Percentile par nombre de réponses
Votre historique - résultats
Vous n’avez pas pris ce quiz